Kultúrne centrum

Guardado en:
Detalles Bibliográficos
Autor principal: Császárová, Lucia (Autor)
Otros Autores: Jamnický, Martin (Orientador)
Formato: Manuscrito Libro
Lenguaje:eslovaco
Publicado: 2016
Materias:
Acceso en línea:http://is.stuba.sk/zp/portal_zp.pl?podrobnosti=117492
https://opac.crzp.sk/?fn=detailBiblioForm&sid=427371B0090519B80C4AD021842E
Etiquetas: Agregar Etiqueta
Sin Etiquetas, Sea el primero en etiquetar este registro!

MARC

LEADER 00000ntm a22000003a 4500
001 stuzp57125
003 SK-STU
005 20230824132452.7
007 ta
008 150427s2015----xo-----f-mn---000-0-slo-d
040 |a STU  |b slo 
041 0 |a slo 
100 1 |a Császárová, Lucia  |u 010180  |4 aut  |U SvF Stavebná fakulta  |T SvF Katedra konštrukcií pozemných stavieb  |X 7268  |U V180  |Y 18  |7 A000007268 
242 0 1 |a Curtural center  |y eng 
245 1 0 |a Kultúrne centrum 
260 |c 2016 
650 4 |a kultúrne centrum  |2 slo 
650 4 |a betón  |2 slo 
650 4 |a podlažie  |2 slo 
650 4 |a cultural center  |2 eng 
650 4 |a concrete  |2 eng 
650 4 |a floor  |2 eng 
700 1 |a Jamnický, Martin  |u 010180  |k Z1  |4 ths  |U SvF Stavebná fakulta  |T SvF Katedra konštrukcií pozemných stavieb  |X 4052  |U V180  |Y 18  |7 A000004052 
856 4 |u http://is.stuba.sk/zp/portal_zp.pl?podrobnosti=117492 
856 4 |u https://opac.crzp.sk/?fn=detailBiblioForm&sid=427371B0090519B80C4AD021842E 
SQL |a stuzp57125  |b DDP  |c SLO  |d Kultúrne centrum  |e 7268  |f Császárová, Lucia  |g 010180  |h 4052  |i Jamnický, Martin  |j 20160615  |k 8  |l 01  |m http://is.stuba.sk/zp/portal_zp.pl?podrobnosti=117492  |n I-AKP  |o 5.1.4. pozemné stavby